000 00301nam a22001337a 4500
008 181105b xxu||||| |||| 00| 0 eng d
020 _a9780471306061
041 _aeng
080 _a510
100 _a37
101 _aMAT
245 _aSeven Udeas Shook The Universe
_cRathan.S
942 _2udc
_cBK
999 _c51855
_d51855